[Event "AUS-ch reserves"]
[Site "Melbourne"]
[Date "2002.01.04"]
[Round "7"]
[White "Sucevic, Milic"]
[Black "Minichelli, Felice"]
[Result "1-0"]
[WhiteElo "1594"]
[BlackElo "1416"]
[PlyCount "81"]
[EventDate "2001.12.28"]
[EventType "swiss"]
[EventRounds "11"]
[EventCountry "AUS"]
[SourceTitle "EXT 2003"]
[Source "ChessBase"]
[SourceDate "2002.11.25"]
[SourceVersion "1"]
[SourceVersionDate "2002.11.25"]
[SourceQuality "1"]

1. f4 e5 2. Nf3 Nc6 3. d3 exf4 4. Bxf4 Bc5 5. c3 a6 6. d4 Bb6 7. e4 d5 8. e5 h6 9. Bd3 Be6 10. Qc2 Nge7 11. Nbd2 Qd7 12. 0-0-0 g5 13. Bg3 Bf5 14. Rhf1 Be6 15. a4 Ba5 16. Nb3 Bb4 17. Be1 Nf5 18. Bd2 Be7 19. Nxg5 Bxg5 20. Bxf5 b6 21. Bxe6 Qxe6 22. Bxg5 hxg5 23. Rf6 Qd7 24. Rdf1 Nb4 25. cxb4 0-0 26. Rh6 f5 27. e6 Qg7 28. Rh3 g4 29. Rh5 f4 30. Qc6 Rad8 31. Rxd5 Qf6 32. Rd7 Rde8 33. Qc2 Re7 34. Rxe7 Qxe7 35. Qg6+ Kh8 36. Qxg4 Qd6 37. Rf3 Qc6+ 38. Nc5 Qxf3 39. gxf3 bxc5 40. Qg6 Rd8 41. Qf6+ 1-0

[Event "AUS-ch reserves"]
[Site "Melbourne"]
[Date "2001.12.30"]
[Round "3"]
[White "Sucevic, Milic"]
[Black "Pyke, Malcolm"]
[Result "0-1"]
[WhiteElo "1594"]
[BlackElo "1846"]
[PlyCount "62"]
[EventDate "2001.12.28"]
[EventType "swiss"]
[EventRounds "11"]
[EventCountry "AUS"]
[SourceTitle "EXT 2003"]
[Source "ChessBase"]
[SourceDate "2002.11.25"]
[SourceVersion "1"]
[SourceVersionDate "2002.11.25"]
[SourceQuality "1"]

1. d4 Nf6 2. c4 c5 3. d5 e6 4. Nc3 exd5 5. Nxd5 Nxd5 6. Qxd5 Nc6 7. a3 d6 8. Nf3 Be6 9. Qd3 Na5 10. b3 Qb6 11. Rb1 0-0-0 12. e4 Nc6 13. Be2 Ne5 14. Qc3 Be7 15. Nxe5 dxe5 16. Be3 f5 17. Qxe5 fxe4 18. 0-0 Rhe8 19. Qxe4 g6 20. Bg4 Bxg4 21. Qxg4+ Kb8 22. Bf4+ Ka8 23. Qg3 Qa6 24. Rfe1 Bf6 25. Rxe8 Rxe8 26. a4 Qe6 27. h3 Qf5 28. Rf1 Bd4 29. Be3 Bxe3 30. fxe3 Qd3 31. Qe5 Qxf1+ 0-1

[Event "Box Hill op"]
[Site "Box Hill"]
[Date "2001.10.19"]
[Round "7.16"]
[White "Sucevic, Milic"]
[Black "Saw, Richard"]
[Result "1-0"]
[WhiteElo "1614"]
[BlackElo "1336"]
[PlyCount "123"]
[EventDate "2001.09.??"]
[EventType "swiss"]
[EventRounds "7"]
[EventCountry "AUS"]
[SourceTitle "EXT 2003"]
[Source "ChessBase"]
[SourceDate "2002.11.25"]
[SourceVersion "1"]
[SourceVersionDate "2002.11.25"]
[SourceQuality "1"]

1. e4 c5 2. Nf3 Nc6 3. d4 cxd4 4. Nxd4 e5 5. Nb3 Nf6 6. f3 h6 7. Bc4 Bb4+ 8. c3 Ba5 9. Be3 Bb6 10. Qe2 0-0 11. Na3 Bxe3 12. Qxe3 d5 13. 0-0-0 Be6 14. exd5 Bxd5 15. Bb5 Qc7 16. Rhe1 Bxb3 17. axb3 Rfe8 18. Qc5 e4 19. Bxc6 Qxc6 20. Qxc6 bxc6 21. fxe4 Rxe4 22. Rxe4 Nxe4 23. Re1 Nc5 24. Kc2 Rd8 25. Nc4 Ne6 26. Ra1 Rd7 27. Ne5 Rc7 28. Ra6 Nd8 29. b4 f6 30. Nc4 Kf8 31. Kd3 Ke7 32. Na3 Ne6 33. Kc4 Kd7 34. Ra5 g5 35. g3 Kd6 36. Rf5 Ke7 37. Kd3 Rd7+ 38. Ke3 Rd5 39. Rxd5 cxd5 40. b3 Kd7 41. Nc2 a6 42. c4 Kd6 43. Kd3 f5 44. Ne3 dxc4+ 45. bxc4 Ke5 46. c5 f4 47. Nc4+ Kd5 48. Nb6+ Kc6 49. gxf4 Nxf4+ 50. Kc4 h5 51. Nc8 g4 52. Ne7+ Kd7 53. Nf5 Ng2 54. b5 axb5+ 55. Kxb5 h4 56. Kb6 Kc8 57. c6 Nf4 58. Ne7+ Kd8 59. c7+ Kxe7 60. c8Q Nd5+ 61. Kc5 g3 62. Qb7+ 1-0

[Event "Box Hill op"]
[Site "Box Hill"]
[Date "2001.09.14"]
[Round "2.28"]
[White "Fell, Samuel"]
[Black "Sucevic, Milic"]
[Result "0-1"]
[WhiteElo "1101"]
[BlackElo "1614"]
[PlyCount "88"]
[EventDate "2001.09.??"]
[EventType "swiss"]
[EventRounds "7"]
[EventCountry "AUS"]
[SourceTitle "EXT 2003"]
[Source "ChessBase"]
[SourceDate "2002.11.25"]
[SourceVersion "1"]
[SourceVersionDate "2002.11.25"]
[SourceQuality "1"]

1. d4 d5 2. c4 e6 3. cxd5 exd5 4. Nc3 Nf6 5. Nf3 Be6 6. Bf4 Bd6 7. Bg5 h6 8. Bh4 g5 9. Bg3 Bxg3 10. fxg3 Nc6 11. e3 Ng4 12. Qd2 f5 13. Bb5 Qe7 14. h3 Nf6 15. Ne5 Qd6 16. 0-0 0-0 17. Nxc6 bxc6 18. Bd3 Ne4 19. Bxe4 fxe4 20. Ne2 Rf7 21. Rac1 Raf8 22. Qc2 Qd7 23. g4 Qd6 24. Rxf7 Rxf7 25. Qxc6 Qxc6 26. Rxc6 Re7 27. Ra6 Kg7 28. Rxa7 Kg6 29. Nc3 h5 30. gxh5+ Kxh5 31. Nb5 g4 32. Rxc7 Re8 33. Rh7+ Kg6 34. Ra7 gxh3 35. Nc7 Re7 36. b4 hxg2 37. Kxg2 Bg4 38. b5 Bf3+ 39. Kf2 Rh7 40. b6 Rh2+ 41. Kg3 Rg2+ 42. Kf4 Kf6 43. Nxd5+ Ke6 44. b7 Rg4# 0-1

[Event "Box Hill Rainbow-ch"]
[Site "Box Hill"]
[Date "2000.05.09"]
[Round "2.5"]
[White "Sucevic, Milic"]
[Black "Comopoulos, George"]
[Result "0-1"]
[WhiteElo "1682"]
[BlackElo "1600"]
[PlyCount "80"]
[EventDate "2000.??.??"]
[EventType "swiss"]
[EventRounds "6"]
[EventCountry "AUS"]
[SourceTitle "EXT 2003"]
[Source "ChessBase"]
[SourceDate "2002.11.25"]
[SourceVersion "1"]
[SourceVersionDate "2002.11.25"]
[SourceQuality "1"]

1. e4 e6 2. d4 d5 3. exd5 exd5 4. Bd3 Bd6 5. Be3 Nc6 6. c3 Nf6 7. h3 0-0 8. Qc2 Re8 9. Ne2 Bd7 10. Nd2 h6 11. 0-0-0 a5 12. g4 g5 13. Nf1 Ne4 14. Bxe4 dxe4 15. Nfg3 Qe7 16. a3 b5 17. d5 Na7 18. Nd4 b4 19. Ngf5 Bxf5 20. Nxf5 Qf6 21. axb4 axb4 22. c4 Nc8 23. c5 Be5 24. Qb3 Ne7 25. Nxe7+ Qxe7 26. Kc2 Qf6 27. Ra1 Bd4 28. Rxa8 Rxa8 29. Qxb4 Bxe3 30. fxe3 Qf2+ 31. Qd2 Qf3 32. Rh2 Qf6 33. Rf2 Qa6 34. Qd4 Qb5 35. Rf5 Ra4 36. Qd2 Qxc5+ 37. Kb1 Qc4 38. Qd1 Qa2+ 39. Kc2 Rc4+ 40. Kd2 Qxb2+ 0-1

[Event "Box Hill Autumn Cup"]
[Site "Box Hill"]
[Date "2000.03.31"]
[Round "9.16"]
[White "Sucevic, Milic"]
[Black "Exner, Rolf"]
[Result "1/2-1/2"]
[WhiteElo "1523"]
[BlackElo "1509"]
[PlyCount "106"]
[EventDate "2000.??.??"]
[EventType "swiss"]
[EventRounds "9"]
[EventCountry "AUS"]
[SourceTitle "EXT 2003"]
[Source "ChessBase"]
[SourceDate "2002.11.25"]
[SourceVersion "1"]
[SourceVersionDate "2002.11.25"]
[SourceQuality "1"]

1. d4 Nf6 2. f3 d5 3. Nc3 e6 4. Bf4 Nh5 5. Bg3 Nxg3 6. hxg3 Bd6 7. f4 c5 8. Nf3 Bd7 9. e4 cxd4 10. Qxd4 f6 11. exd5 exd5 12. Qxd5 Qe7+ 13. Qe4 Bb4 14. Qxe7+ Kxe7 15. Bd3 h6 16. Kd2 Rd8 17. a3 Bxc3+ 18. Kxc3 a5 19. b3 Na6 20. Rae1+ Kf8 21. Bg6 Rac8+ 22. Kb2 Bc6 23. Rh5 b6 24. g4 Be8 25. Bxe8 Rxe8 26. Rxe8+ Rxe8 27. Rb5 Re6 28. g5 hxg5 29. fxg5 Nc5 30. gxf6 gxf6 31. b4 axb4 32. axb4 Nd7 33. Rd5 Ke7 34. g4 Re3 35. Nd4 Re4 36. Nf5+ Kd8 37. Rd4 Rxd4 38. Nxd4 Ne5 39. g5 fxg5 40. Ne6+ Kd7 41. Nxg5 b5 42. Kc3 Nc6 43. Nf3 Kd6 44. Nd4 Na7 45. Kd3 Kd5 46. Nxb5 Nxb5 47. c4+ Kc6 48. cxb5+ Kxb5 49. Kc3 Kb6 50. Kc4 Kc6 51. b5+ Kb7 52. Kc5 Kc7 53. b6+ Kb8 1/2-1/2

[Event "Box Hill Autumn Cup"]
[Site "Box Hill"]
[Date "2000.03.14"]
[Round "6.15"]
[White "Hopf, Toby"]
[Black "Sucevic, Milic"]
[Result "1/2-1/2"]
[WhiteElo "1335"]
[BlackElo "1523"]
[PlyCount "111"]
[EventDate "2000.??.??"]
[EventType "swiss"]
[EventRounds "9"]
[EventCountry "AUS"]
[SourceTitle "EXT 2003"]
[Source "ChessBase"]
[SourceDate "2002.11.25"]
[SourceVersion "1"]
[SourceVersionDate "2002.11.25"]
[SourceQuality "1"]

1. e4 c5 2. Nf3 Nc6 3. d4 cxd4 4. Nxd4 d6 5. Nc3 a6 6. a4 Nf6 7. Nxc6 bxc6 8. Bc4 e6 9. Bg5 Be7 10. Qe2 h6 11. Bh4 Qb6 12. Bb3 Qb4 13. Qc4 c5 14. Rd1 Nd7 15. Bg3 Qxc4 16. Bxc4 Nb6 17. Ba2 e5 18. a5 Nd7 19. Nd5 Ra7 20. Ne3 Nf6 21. f3 0-0 22. Bd5 Bb7 23. b3 Nxd5 24. exd5 Bc8 25. Rb1 f5 26. Nc4 f4 27. Bf2 Rb7 28. Kd2 Rb5 29. Nb6 Rxa5 30. Nxc8 Rxc8 31. Ra1 Rxa1 32. Rxa1 Ra8 33. Kd3 Kf7 34. c4 g5 35. Be1 Kg6 36. b4 cxb4 37. Bxb4 Kf5 38. Ra5 h5 39. c5 dxc5 40. Bxc5 Bxc5 41. Rxc5 a5 42. d6 Ke6 43. d7 Rd8 44. Rxa5 Rxd7+ 45. Ke2 Rd4 46. Ra2 Kf5 47. Kf2 g4 48. Re2 Rd1 49. Re1 Rxe1 50. Kxe1 e4 51. fxe4+ Kxe4 52. Ke2 h4 53. Kf2 f3 54. g3 h3 55. Kf1 Ke3 56. Ke1 1/2-1/2